Violeta y yo / (Registro nro. 7821)

Detalles MARC
000 -LEADER
fixed length control field 00803nam a2200265 a 4500
001 - CONTROL NUMBER
control field 000011503
003 - CONTROL NUMBER IDENTIFIER
control field DO-SdBNP
005 - DATE AND TIME OF LATEST TRANSACTION
control field 20170927133148.0
008 - FIXED-LENGTH DATA ELEMENTS--GENERAL INFORMATION
fixed length control field 091019s1986 dr 000 f spa d
040 ## - CATALOGING SOURCE
Original cataloging agency BPMSU
Language of cataloging spa
Transcribing agency BPMSU
082 #4 - DEWEY DECIMAL CLASSIFICATION NUMBER
Classification number RD863.44
Item number A174v
100 1# - MAIN ENTRY--PERSONAL NAME
Personal name Acevedo Gautier, Carlos
Dates associated with a name 1932-
245 10 - TITLE STATEMENT
Title Violeta y yo /
Statement of responsibility, etc. Carlos Acevedo Gautier.
260 ## - PUBLICATION, DISTRIBUTION, ETC. (IMPRINT)
Place of publication, distribution, etc. Santo Domingo :
Name of publisher, distributor, etc. Biblioteca Nacional,
Date of publication, distribution, etc. 1986.
300 ## - PHYSICAL DESCRIPTION
Extent 253 p. :
Other physical details retrs. ;
Dimensions 21 cm.
490 1# - SERIES STATEMENT
Series statement Orfeo
500 ## - GENERAL NOTE
General note Incluye datos biográficos del autor en la contracubierta
650 #4 - SUBJECT ADDED ENTRY--TOPICAL TERM
Topical term or geographic name as entry element NOVELA DOMINICANA
650 #4 - SUBJECT ADDED ENTRY--TOPICAL TERM
Topical term or geographic name as entry element LITERATURA DOMINICANA
830 #0 - SERIES ADDED ENTRY--UNIFORM TITLE
Uniform title Orfeo
910 ## - USER-OPTION DATA (OCLC)
User-option data Validado. Control de calidad MFF
942 ## - ADDED ENTRY ELEMENTS (KOHA)
Source of classification or shelving scheme Dewey Decimal Classification
Koha item type Libros
945 ## - LOCAL PROCESSING INFORMATION (OCLC)
a Inventariado /2017 VM
956 ## - LOCAL ELECTRONIC LOCATION AND ACCESS (OCLC)
Host name VMATEO
Access number 10
Compression information 20150508
Logon BPMSU
Processor of request 00151
Existencias
Withdrawn status Lost status Source of classification or shelving scheme Damaged status Not for loan Collection code Home library Current library Date acquired Total Checkouts Full call number Barcode Date last seen Price effective from Koha item type Copy number
    Dewey Decimal Classification     Colección Dominicana Biblioteca Pública Metropolitana Salomé Ureña Biblioteca Pública Metropolitana Salomé Ureña 05/08/2015   RD863.44 A174v BPMSU15051600 05/08/2015 05/08/2015 Libros  
    Dewey Decimal Classification     Colección Dominicana Biblioteca Pública Metropolitana Salomé Ureña Biblioteca Pública Metropolitana Salomé Ureña 05/08/2015   RD863.44 A174v BPMSU15051606 05/08/2015 05/08/2015 Libros e. 2